Datum a čas kvízu
32
Celkem bodů
Celkový počet nahraných bodů na tomto kvízu bez doplňovacích otázek.
5.
Pořadí na kvízu
Konečné umístění týmu na tomto kvízu.
Zaznamenané odpovědi
| # | Otázka | Odpověď | Body | Výsledky |
|---|---|---|---|---|
| 1. | Ve kterém českém městě se minu... | v Plzni | 0 | |
| 2. | Ve kterém městě byl minulý týd... | v Abú Dhabí | 0 | |
| 3. | Jedna televizní stanice ukonči... | MTV | 1 | |
| 4. | Který ostrovní stát zavedl jak... | Island | 1 | |
| 5. | Na střídačce HC Rytíři Kladno,... | David Čermák; Tomáš Plekanec | 0 | |
| 6. | Mezi nejúspěšnější sourozence... | 2000; 2012 | 0 | |
| 7. | Pouhých 65 setin sekundy od me... | Petr; Martin | 0.5 | |
| 8. | Opomenout v tomto tématu nesmí... | 7,5 km; 6 km | 0 | |
| 9. | Nyní bude vaším úkolem napsat,... | v akrobatickém lyžování (jízda v boulích) | 0 | |
| 10. | Na závěr se podíváme na krasob... | B | 1 |